| 000 | 00547nam a2200205Ia 4500 | ||
|---|---|---|---|
| 005 | 20260429112229.0 | ||
| 008 | 260429s9999||||xx |||||||||||||| ||und|| | ||
| 020 | _a9788184113655 | ||
| 041 | _aEnglish | ||
| 082 |
_a541.394 _bKHA |
||
| 100 | _aKhan, S.A. | ||
| 245 | 0 |
_aTextbook of chemical kinetics / _cS.A. Khan |
|
| 260 |
_aNew Delhi : _bSonali Publications, _c2024. |
||
| 300 | _avi, 344 p.; hb | ||
| 650 | _a Chemical kinetics | ||
| 650 | _a Physical chemistry | ||
| 650 | _a Reaction kinetics | ||
| 650 | _aChemistry | ||
| 942 | _cTB | ||
| 999 |
_c53016 _d53016 |
||